Choose a or an - Statistics

General Stats
  • This quiz has been taken 170 times
  • The average score is 10 of 10
Answer Stats
Question Answer % Correct
___ notebook a
100%
___ classroom a
100%
___ van a
100%
___queen a
100%
___ cat a
100%
___ box a
100%
___ star a
100%
___ frog a
100%
___ present a
100%
___ window a
100%
___ gorilla a
100%
___ banana a
100%
___ zebra a
100%
___ lion a
100%
___ party a
100%
___ dog a
100%
___ monkey a
100%
___ picture a
100%
___ school a
100%
___ rabbit a
100%
___ hat a
100%
___ jacket a
100%
___ kangaroo a
100%
___ student a
100%
___ teacher a
100%
___ igloo an
100%
___ umbrella an
100%
___ egg an
100%
___ apple an
100%
___ orange an
97%
___ house a
95%
___ yo-yo a
92%
No matching quizzes found
Score Distribution
Percent of People with Each Score
Percentile by Number Answered
Your Score History
You have not taken this quiz